| 000 | 00354nam a2200133Ia 4500 | ||
|---|---|---|---|
| 008 | 240624s9999 xx 000 0 und d | ||
| 041 | _aeng | ||
| 082 | _a330 THA | ||
| 100 | _aTAILLARD MICHAEL | ||
| 245 | _aECONOMICS AND MODERN WARFARE THE INVISIB | ||
| 260 |
_c2012 _aNew York _bPalgrave Macmillan |
||
| 300 | _axii, 211 p.; 23 cm. | ||
| 365 |
_cERU _b38 |
||
| 999 |
_c31100 _d31100 |
||